000 00518nam a2200181 a 4500
005 20140310183430.0
008 080108s19uu xx 00 eng d
020 _a978-0-240-80894-9
050 _aTR 267.5.A3
_b.G743 2007
100 _aGrey, Christopher
245 _aPhotoshop effects for portrait photographers /
260 _aLondon :
_bFocal Press,
_c2007.
300 _a128 p. :
_bcol. ill. ;
_c30 cm.
521 _aMA
650 _aPortrait photography
_xPosing.
942 _cBK
_2lcc
_kFOR
999 _c22722
_d22722